| 000 | 00394nam a2200169Ia 4500 | ||
|---|---|---|---|
| 003 | OSt | ||
| 005 | 20240305155456.0 | ||
| 008 | 170619s9999 xx 000 0 und d | ||
| 020 | _a9780071204118 | ||
| 040 | _cIIMT ENGINEERING COLLEGE | ||
| 100 | _aHamacher Carl | ||
| 245 | 0 | _aComputer Organisation | |
| 260 | _bN. Delhi: M G H | ||
| 260 | _c2002 | ||
| 546 | _aENGLISH | ||
| 942 |
_2ddc _c01 |
||
| 999 |
_c18296 _d18296 |
||